00661 2200241 4500001002100000005001500021035002000036007000300056008004100059020002200100082001000122084001600132100001800148245007200166250001000238260004200248300003200290650003300322700001500355520002700370990001100397990001100408INLIS00000000000395020190820093914 a0010-0819000093ta190820 g 0 ind  a978-602-14115-7-5 a615.8 a615.8 NET h0 aNETI, Suriana1 aHerbal Sakti Atasi Asam Urat /cNeti Suriana; penyunting, Qin Mahdy acet.1 aDepok :bMutiara Allamah Utama,c2014 a153 hlm. :bilus. ;c23 cm. 4aPENGOBATAN HERBAL. ASAM URAT0 aQIN, Mahdy aBibliografi : hlm. 153 a5796 a a5796 b